Embouchures des fleuves - Statistiques

Statistiques générales
  • Ce quiz a été pris 30 fois
  • Le résultat moyen est 11 sur 15
Statistiques - réponses
Hint Réponse % Correct
Amazone Océan Atlantique
100%
Seine Manche
93%
Rhin Mer du Nord
93%
Nil Mer Méditerranée
93%
Mississippi Golfe du Mexique
89%
Danube Mer Noire
89%
Loire Océan Atlantique
89%
Congo Océan Atlantique
82%
Zambèze Océan Indien
68%
Niger Golfe de Guinée
64%
Volga Mer Caspienne
57%
Gange Golfe du Bengale
54%
Yangtsé Mer de Chine orientale
46%
Orénoque Océan Atlantique
39%
Mékong Mer de Chine méridionale
29%
Aucun quiz correspondant
Distribution des résultats
% des personnes avec chaque résultat
Percentile par nombre de réponses
Votre historique - résultats
Vous n’avez pas pris ce quiz